Neinvestičné faktory vo vzťahu k znižovaniu vlastných nákladov v stavebnej výrobe kandidátska dizertačná práca

Gespeichert in:
Bibliographische Detailangaben
1. Verfasser: Boržík, Ondrej
Körperschaft: Vysoká škola ekonomická v Bratislave. Národohospodárska fakulta
Weitere Verfasser: Trávnik, Igor
Format: Buch
Sprache:Slowakisch
Veröffentlicht: Bratislava 1986
Tags: Tag hinzufügen
Keine Tags, Fügen Sie das erste Tag hinzu!

MARC

LEADER 00000nam a2200000 4500
001 c026255
005 20221219100643.5
041 0 |a slo 
044 |a SK 
245 1 0 |a Neinvestičné faktory vo vzťahu k znižovaniu vlastných nákladov v stavebnej výrobe  |b kandidátska dizertačná práca  |c Ondrej Boržík ; vedúci práce Igor Trávnik 
264 1 |a Bratislava  |c 1986 
300 |a 155 s. 
100 1 |a Boržík, Ondrej 
700 1 |a Trávnik, Igor 
710 2 |a Vysoká škola ekonomická v Bratislave. Národohospodárska fakulta